Hành trang vào đời

Guardat en:
Dades bibliogràfiques
Autor principal: Việt Chương
Format: Llibre
Idioma:Undetermined
Publicat: Cà Mau Mũi Cà Mau 1998
Matèries:
Etiquetes: Afegir etiqueta
Sense etiquetes, Sigues el primer a etiquetar aquest registre!
Thư viện lưu trữ: Trung tâm Học liệu Trường Đại học Cần Thơ
LEADER 00510nam a2200193Ia 4500
001 CTU_27944
008 210402s9999 xx 000 0 und d
020 |b 14.000đ 
082 |a 158.1 
082 |b V308 
100 |a Việt Chương 
245 0 |a Hành trang vào đời 
245 0 |c Việt Chương 
260 |a Cà Mau 
260 |b Mũi Cà Mau 
260 |c 1998 
650 |a psychology, applied 
904 |i Minh, 990110 
980 |a Trung tâm Học liệu Trường Đại học Cần Thơ